| 000 | 00624cam a22002171 4500 | ||
|---|---|---|---|
| 001 | sa 63002689 | ||
| 003 | DLC | ||
| 005 | 20260227111935.0 | ||
| 008 | 840917s1963 ii 000 0 eng | ||
| 010 | _asa 63002689 | ||
| 025 | _aPL480:I-E-1858 | ||
| 035 | _a(OCoLC)11165007 | ||
| 040 |
_aDLC _cWU _dDLC |
||
| 050 | 0 | 0 |
_aPR99 _b.G82 |
| 100 | 1 |
_aGupta, Prakash Chandra, _d1908- |
|
| 245 | 1 | 4 | _aThe art of Galsworthy and other studies. |
| 260 |
_aAllahabad, _bVidyarthi Granthagar _c[1963?] |
||
| 300 |
_a287 p. _c22 cm. |
||
| 650 | 0 |
_aEnglish literature _xHistory and criticism. |
|
| 600 | 1 | 0 |
_aGalsworthy, John, _d1867-1933. |
| 999 |
_c54605 _d54605 |
||